000 00858nam a2200229 a 4500
008 120416s2000 ||||||||||||||||| || u
020 _a0632055030
050 _aSB 950 PES
100 _aAlford, D. V
245 1 0 _aPest and disease management handbook
_cedited by D. V. Alford
260 _aOxford:
_bBlackwell Science
_c2000
300 _aviii, 615 p. : ill.
350 _a0.00
500 _aRev. ed. of: Pest and disease control handbook. 3rd ed. 1989.
650 _aPlant parasites - Control - Great Britain
650 _aPARASITES
650 _aPlant diseases - Great Britain
650 _aPlant parasites - Great Britain
650 _aPESTICIDES--GREAT BRITAIN
710 _aBritish Crop Protection Council
995 _D0.00
_FCBU-MAIN LIBRARY (Kitwe)
_H1
_I37.50
_M1
_UREFERENCE
_ZReference Collection
999 _c53437
_d53437